Normal view
MARC view
Entry Personal Name
001 - CONTROL NUMBER
- control field: 14205
003 - CONTROL NUMBER IDENTIFIER
- control field: BD-RjUL
005 - DATE AND TIME OF LATEST TRANSACTION
- control field: 20241111124104.0
008 - FIXED-LENGTH DATA ELEMENTS
- fixed length control field: 241111|| aca||aabn | a|a d
040 ## - CATALOGING SOURCE
- Original cataloging agency: BD-RjUL
- Transcribing agency: BD-RjUL
100 ## - HEADING--PERSONAL NAME
- Personal name: নোমান, আবুল হাসান মুহাম্মদ
670 ## - SOURCE DATA FOUND
- Source citation: Work cat.: (BD-RjUL)84280: নোমান, আবুল হাসান মুহাম্মদ, আল- কুরআনের সহজ বুঝ /, ২০২৩